[Event "16th ch-EUR Indiv w 2015"]
[Site "Chakvi GEO"]
[Date "2015.05.21"]
[Round "3.44"]
[White "Lingur, Zalina"]
[Black "Khurtsilava, Inga"]
[Result "0-1"]
[WhiteTitle "WFM"]
[BlackTitle "WGM"]
[WhiteElo "2057"]
[BlackElo "2212"]
[WhiteFideId "34165670"]
[BlackFideId "13600419"]
[EventDate "2015.05.19"]

1. e4 e5 2. Nf3 Nc6 3. Bb5 Nge7 4. O-O g6 5. c3 Bg7 6. d4 exd4 7. cxd4 a6 8. Ba4
b5 9. Bc2 d5 10. exd5 Nxd5 11. Re1+ Be6 12. Bg5 Qd6 13. Nbd2 Nxd4 14. Nxd4 Bxd4
15. Ne4 Qb6 16. Qd2 O-O 17. Rad1 c5 18. b4 Nxb4 19. Bb3 Bxb3 20. axb3 Nd5 21.
Bh6 Rfe8 22. Qg5 f5 23. Ng3 Qf6 24. Qc1 Nc3 25. Rd3 b4 26. Rf3 Qf7 27. h4 Rxe1+
28. Qxe1 Re8 29. Qd2 Qe7 30. Qf4 Nd5 31. Nxf5 Qe1+ 0-1

[Event "16th ch-EUR Indiv w 2015"]
[Site "Chakvi GEO"]
[Date "2015.05.21"]
[Round "3.45"]
[White "Kasoshvili, Tsiala"]
[Black "Choladze, Mariam"]
[Result "0-1"]
[WhiteTitle "WIM"]
[WhiteElo "2179"]
[BlackElo "1989"]
[WhiteFideId "13600354"]
[BlackFideId "13600931"]
[EventDate "2015.05.19"]

1. d4 Nf6 2. Nf3 e6 3. g3 b5 4. Bg2 d5 5. O-O Bb7 6. Nbd2 Nbd7 7. c3 c5 8. a4 b4
9. c4 Rc8 10. Re1 dxc4 11. Nxc4 cxd4 12. Qxd4 Bd5 13. Ncd2 Bc5 14. Qh4 Qb6 15.
e3 a5 16. b3 O-O 17. Bb2 Be7 18. Bd4 Qb7 19. e4 Nxe4 20. Qxe7 Nxd2 21. Qg5 Nxf3+
22. Bxf3 e5 23. Bxd5 Qxd5 24. Be3 Qxb3 25. Qg4 f5 26. Qg5 Rc6 27. Rad1 Qf7 28.
Bc1 f4 29. Bxf4 exf4 30. Re7 Qf6 31. Qd5+ Kh8 32. Rxd7 fxg3 33. f3 gxh2+ 34.
Kxh2 Qh4+ 35. Kg2 Rg6+ 36. Kf1 Qh2 37. Qd4 Rxf3+ 0-1

[Event "16th ch-EUR Indiv w 2015"]
[Site "Chakvi GEO"]
[Date "2015.05.21"]
[Round "3.46"]
[White "Tskhadadze, Anna"]
[Black "Martynkova, Olena"]
[Result "1-0"]
[BlackTitle "WFM"]
[WhiteElo "1938"]
[BlackElo "2165"]
[WhiteFideId "4165098"]
[BlackFideId "14134039"]
[EventDate "2015.05.19"]

1. c4 Nf6 2. g3 g6 3. Bg2 Bg7 4. Nc3 O-O 5. e3 d6 6. Nge2 e5 7. O-O c6 8. e4
Nbd7 9. d3 a5 10. h3 Nc5 11. Be3 h5 12. f4 exf4 13. gxf4 Qe7 14. Bf2 Nfd7 15. d4
Ne6 16. d5 Nc7 17. dxc6 bxc6 18. Nd4 Bb7 19. Re1 Ne6 20. Nce2 Ndc5 21. f5 Nxd4
22. Nxd4 Nd7 23. Qb3 Rab8 24. Rad1 Kh8 25. Qg3 Ne5 26. b3 a4 27. Qf4 Kh7 28. Bh4
Bf6 29. Bxf6 Qxf6 30. Nf3 Nxf3+ 31. Bxf3 Rbd8 32. fxg6+ fxg6 33. Qxf6 Rxf6 34.
Bg2 Re8 35. c5 axb3 36. axb3 Rfe6 37. cxd6 c5 38. d7 Rd8 39. e5 Bxg2 40. Kxg2
Kg7 41. Kf3 Kf7 42. Rd5 Ke7 43. Red1 Rc6 44. Kf4 Rb6 45. R1d3 Rc6 46. Kg5 Re6
47. Kh6 Rc6 48. Rd6 Rxd6 49. Rxd6 h4 50. Kxg6 Rh8 51. Kg5 Kd8 52. e6 Ke7 53.
d8=Q+ Rxd8 54. Rxd8 Kxd8 55. Kf6 Ke8 56. e7 1-0

[Event "16th ch-EUR Indiv w 2015"]
[Site "Chakvi GEO"]
[Date "2015.05.21"]
[Round "3.47"]
[White "Gaboyan, Susanna"]
[Black "Jibuti, Nata"]
[Result "1/2-1/2"]
[BlackTitle "WFM"]
[WhiteElo "2153"]
[BlackElo "1694"]
[WhiteFideId "13303627"]
[BlackFideId "13603094"]
[EventDate "2015.05.19"]

1. d4 Nf6 2. c4 e6 3. Nf3 Bb4+ 4. Bd2 c5 5. Bxb4 cxb4 6. g3 O-O 7. Bg2 d5 8.
Nbd2 Nc6 9. O-O b6 10. e3 Bb7 11. cxd5 exd5 12. Ne5 Nxe5 13. dxe5 Ne4 14. Nxe4
dxe4 15. Qd4 Qe7 16. Qd6 Rfe8 17. Rfd1 Qxe5 18. Qxb4 Red8 19. Bf1 h6 20. Bc4 Qf6
21. Qb3 Rac8 22. Rac1 Rc7 23. Rxd8+ Qxd8 24. Rd1 Qe7 25. Qb5 a6 26. Qb3 b5 27.
Bd5 Bc6 28. Rd4 Bxd5 29. Qxd5 Rc1+ 30. Kg2 Rc2 31. Rxe4 Qf6 32. Re8+ Kh7 33.
Qd3+ Qg6 34. Qxg6+ Kxg6 35. Ra8 Rxb2 36. Rxa6+ Kf5 37. Kf3 b4 38. g4+ Ke5 39. h4
b3 40. axb3 Rxb3 41. Ra7 Ke6 42. Kf4 Rb2 43. f3 Rb5 44. h5 Rc5 45. e4 Rb5 46.
Ra8 Rb4 47. Ra6+ Ke7 48. Kf5 Rb5+ 49. e5 Rb8 50. f4 Rc8 51. g5 hxg5 52. Kxg5 Rc1
53. Ra7+ Ke6 54. Ra6+ Ke7 55. Ra8 Rg1+ 56. Kf5 Rh1 57. Kg4 Rg1+ 58. Kf3 Rh1 59.
Rh8 f6 60. Ke4 Re1+ 61. Kf5 fxe5 62. fxe5 Rf1+ 63. Kg6 Rg1+ 64. Kh7 Rg5 65. Kg8
Ke6 66. Rh7 Kxe5 67. Rxg7 Rxh5 1/2-1/2

[Event "16th ch-EUR Indiv w 2015"]
[Site "Chakvi GEO"]
[Date "2015.05.21"]
[Round "3.48"]
[White "Chanturia, Tamar"]
[Black "Gavasheli, Ana"]
[Result "0-1"]
[BlackTitle "WIM"]
[WhiteElo "1688"]
[BlackElo "2122"]
[WhiteFideId "13603175"]
[BlackFideId "13602586"]
[EventDate "2015.05.19"]

1. Nf3 c5 2. b3 d5 3. e3 Nf6 4. Bb2 Nc6 5. Bb5 Bd7 6. O-O b6 7. d3 a6 8. Bxc6
Bxc6 9. Ne5 Bb7 10. Nd2 g6 11. f4 Bg7 12. Ndf3 O-O 13. a4 b5 14. axb5 axb5 15.
Qe2 Qb6 16. h3 Ba6 17. g4 Qc7 18. Ra2 c4 19. Rfa1 Qc8 20. Ba3 Nd7 21. Bxe7 Re8
22. Rxa6 Rxa6 23. Rxa6 Qxa6 24. Bb4 Nxe5 25. fxe5 Qa1+ 26. Kf2 Qb2 27. d4 Rc8
28. Ne1 Bh6 29. g5 cxb3 30. gxh6 bxc2 31. Nd3 c1=Q 32. Qxb2 Rc2+ 0-1

[Event "16th ch-EUR Indiv w 2015"]
[Site "Chakvi GEO"]
[Date "2015.05.21"]
[Round "3.49"]
[White "Lomaia, Diana"]
[Black "Santeramo, Alessia"]
[Result "0-1"]
[BlackTitle "WFM"]
[WhiteElo "1449"]
[BlackElo "2118"]
[WhiteFideId "13612476"]
[BlackFideId "850810"]
[EventDate "2015.05.19"]

1. e4 e5 2. Nc3 Nf6 3. Bc4 Nc6 4. d3 Bc5 5. f4 d6 6. Nf3 a6 7. Rf1 O-O 8. fxe5
dxe5 9. Bg5 h6 10. Bh4 Qd6 11. Bxf6 Qxf6 12. Nd5 Qd6 13. Qd2 Nb4 14. O-O-O b5
15. Bb3 a5 16. Nxb4 Bxb4 17. c3 Bc5 18. Nh4 a4 19. Bc2 b4 20. c4 Qb6 21. Rde1 b3
22. axb3 axb3 23. Bb1 Bb4 24. Qe3 Bxe1 25. Qxe1 Ra1 26. Qg3 Qa7 27. Kd2 Qd4 28.
Kc1 Be6 29. h3 Rd8 30. Nf5 Bxf5 31. exf5 Qxd3 32. Qxd3 Rxd3 33. Re1 Rd4 34. c5
Rd5 35. Rf1 e4 36. c6 e3 37. Rf3 Rxb1+ 38. Kxb1 Rd1# 0-1

[Event "16th ch-EUR Indiv w 2015"]
[Site "Chakvi GEO"]
[Date "2015.05.22"]
[Round "4.2"]
[White "Kashlinskaya, Alina"]
[Black "Batsiashvili, Nino"]
[Result "1/2-1/2"]
[WhiteTitle "IM"]
[BlackTitle "IM"]
[WhiteElo "2423"]
[BlackElo "2473"]
[WhiteFideId "4198026"]
[BlackFideId "13602993"]
[EventDate "2015.05.19"]

1. d4 d5 2. c4 e6 3. Nc3 Bb4 4. a3 Bxc3+ 5. bxc3 c5 6. e3 Nf6 7. cxd5 exd5 8.
Bd3 O-O 9. Ne2 b6 10. O-O Ba6 11. f3 Bxd3 12. Qxd3 Re8 13. Ng3 Nc6 14. Bb2 c4
15. Qe2 h5 16. e4 h4 17. Nf5 Qd7 18. Qd2 Ne7 19. Nxe7+ Rxe7 20. e5 Nh7 21. Qf2
h3 22. g4 f6 23. Qg3 fxe5 24. dxe5 Rae8 25. Rae1 g5 26. Bc1 d4 27. Bd2 dxc3 28.
Bxc3 Qd3 29. f4 gxf4 30. Qxd3 cxd3 31. Rd1 Rf7 32. Rxd3 Ng5 33. Bd2 Rxe5 34.
Rxf4 Re2 35. Rxf7 Nxf7 36. Bf4 Rg2+ 37. Kf1 Rxg4 38. Bb8 Ra4 39. Rxh3 b5 40. Rd3
a5 1/2-1/2

[Event "16th ch-EUR Indiv w 2015"]
[Site "Chakvi GEO"]
[Date "2015.05.22"]
[Round "4.4"]
[White "Khurtsidze, Nino"]
[Black "Galliamova, Alisa"]
[Result "1/2-1/2"]
[WhiteTitle "IM"]
[BlackTitle "IM"]
[WhiteElo "2451"]
[BlackElo "2478"]
[WhiteFideId "13600320"]
[BlackFideId "4129725"]
[EventDate "2015.05.19"]

1. d4 d5 2. c4 c6 3. Nf3 Nf6 4. Nc3 e6 5. e3 Nbd7 6. Qc2 Bd6 7. Bd3 O-O 8. O-O
dxc4 9. Bxc4 a6 10. Rd1 b5 11. Bd3 Qc7 12. Ne4 Nxe4 13. Bxe4 Nf6 14. a4 Nxe4 15.
Qxe4 f5 16. Qh4 Rb8 17. e4 bxa4 18. Rxa4 Rb5 19. Rc4 Be7 20. Bg5 Bxg5 21. Nxg5
h6 22. Nf3 Rxb2 23. h3 Qb7 24. e5 a5 25. Rdc1 Rb1 26. Rxb1 Qxb1+ 27. Kh2 Qb7 28.
Qf4 Qb2 29. Qd2 Qb3 30. Qc1 Ba6 31. Rc3 Qd5 32. Rc5 Qe4 33. Rxa5 Be2 34. Qe3
Qxe3 35. fxe3 Bxf3 36. gxf3 f4 37. e4 Rb8 38. Ra6 Rb2+ 39. Kg1 Rc2 40. h4 Rc4
41. h5 Rxd4 1/2-1/2

[Event "16th ch-EUR Indiv w 2015"]
[Site "Chakvi GEO"]
[Date "2015.05.22"]
[Round "4.5"]
[White "Galojan, Lilit"]
[Black "Hoang, Thanh Trang"]
[Result "1/2-1/2"]
[WhiteTitle "IM"]
[BlackTitle "GM"]
[WhiteElo "2275"]
[BlackElo "2472"]
[WhiteFideId "13301314"]
[BlackFideId "12400149"]
[EventDate "2015.05.19"]

1. d4 f5 2. Nf3 Nf6 3. g3 e6 4. c4 c6 5. Bg2 d5 6. O-O Bd6 7. b3 Qe7 8. Bb2 O-O
9. Qc1 b5 10. Ne5 bxc4 11. bxc4 Ba6 12. Ba3 Nfd7 13. Bxd6 Qxd6 14. Nxd7 Nxd7 15.
Qa3 Qxa3 16. Nxa3 Nb6 17. cxd5 cxd5 18. Rfc1 Rfc8 19. Bf1 Kf7 20. e3 Bxf1 21.
Kxf1 Ke7 22. h4 Kd7 23. Ke1 Rab8 24. Kd2 Na4 25. Rxc8 Rxc8 26. Rb1 Rc7 27. Rb3
Nb6 28. Rc3 Rxc3 29. Kxc3 Kc6 30. Kb4 Nc8 31. Nb1 Kb6 32. Nd2 Nd6 33. a3 g6 34.
a4 h6 35. Ka3 g5 36. hxg5 hxg5 37. Kb4 g4 38. Ka3 Kc6 39. Kb4 a6 40. Kc3 Kc7 41.
Kb4 Kb6 42. Ka3 Kc7 43. Kb4 Kc6 44. Kc3 Nf7 45. Nb3 Ng5 46. Nc5 e5 47. Kd2 Nf3+
48. Ke2 exd4 49. Nxa6 dxe3 50. Kxe3 d4+ 51. Kd3 Kb6 52. Nb8 Kc7 53. Na6+ Kb6 54.
Nb8 Kc7 1/2-1/2

[Event "16th ch-EUR Indiv w 2015"]
[Site "Chakvi GEO"]
[Date "2015.05.22"]
[Round "4.6"]
[White "Javakhishvili, Lela"]
[Black "Zaksaite, Salomeja"]
[Result "1-0"]
[WhiteTitle "IM"]
[BlackTitle "WIM"]
[WhiteElo "2472"]
[BlackElo "2203"]
[WhiteFideId "13601458"]
[BlackFideId "12801496"]
[EventDate "2015.05.19"]

1. d4 Nf6 2. Bg5 Ne4 3. Bf4 d5 4. e3 c5 5. Bd3 Qb6 6. Bxe4 dxe4 7. Nc3 cxd4 8.
exd4 Nc6 9. Nge2 Bg4 10. Be3 O-O-O 11. Nxe4 e5 12. f3 exd4 13. Bf2 Qa5+ 14. Kf1
Be6 15. Nf4 Bc4+ 16. Kg1 g5 17. Nd3 Be7 18. Nd2 Ba6 19. a3 Qd5 20. b4 f5 21. Rb1
Kb8 22. Rb3 Rhg8 23. Qb1 Bxd3 24. Rxd3 g4 25. Qb3 Qd7 26. f4 Bf6 27. h3 Rge8 28.
b5 Na5 29. Qa4 b6 30. c3 g3 31. Bxg3 Re3 32. Rxe3 dxe3 33. Nf3 Rg8 34. Be1 Qd3
35. Kh2 Qe2 36. Rg1 Nc4 37. Qb4 Rd8 38. Nd4 Bxd4 39. cxd4 Nd6 40. Bh4 Rd7 41. a4
Qd2 42. Rb1 Qd3 43. Bf6 Kb7 44. a5 bxa5 45. Qc5 Qe4 46. Rc1 Qxf4+ 47. Kh1 e2 48.
Qc6+ Kb8 49. Be5 e1=Q+ 50. Rxe1 Qh6 51. Qxd7 1-0

[Event "16th ch-EUR Indiv w 2015"]
[Site "Chakvi GEO"]
[Date "2015.05.22"]
[Round "4.7"]
[White "Kovalevskaya, Ekaterina"]
[Black "Socko, Monika"]
[Result "1-0"]
[WhiteTitle "IM"]
[BlackTitle "GM"]
[WhiteElo "2450"]
[BlackElo "2467"]
[WhiteFideId "4116704"]
[BlackFideId "1106619"]
[EventDate "2015.05.19"]

1. Nf3 d5 2. g3 Nc6 3. d4 Bg4 4. Bg2 Qd7 5. O-O Bxf3 6. Bxf3 O-O-O 7. Nc3 e5 8.
dxe5 d4 9. e3 Nxe5 10. exd4 Nxf3+ 11. Qxf3 Nf6 12. Bg5 Be7 13. Rad1 Kb8 14. Rfe1
h6 15. Bxf6 Bxf6 16. Ne4 Qd5 17. Re3 Bxd4 18. c3 f5 19. Rxd4 fxe4 20. Qd1 Qg5
21. Rexe4 a6 22. h4 Qf6 23. Rf4 Qe7 24. Rfe4 Qf6 25. Kg2 Rc8 26. Qf3 Qg6 27. Rg4
Qe6 28. Qd5 Qxd5+ 29. Rxd5 Rhe8 30. Rd2 Re7 31. Rgd4 c5 32. Rd7 Rc7 33. Rxe7
Rxe7 34. f4 Kc7 35. Kf3 Re1 36. g4 Rh1 37. h5 Rg1 38. Rg2 Ra1 39. g5 Rxa2 40. f5
hxg5 41. f6 gxf6 42. h6 Ra1 43. Rh2 g4+ 44. Kxg4 f5+ 45. Kf3 Rf1+ 46. Kg2 Rd1
47. h7 Rd2+ 48. Kg3 f4+ 49. Kh3 Rd8 50. Kg4 Rh8 51. Rh6 a5 52. c4 a4 53. Kxf4 b6
54. Kf5 Kb7 55. Kg6 Ka6 56. Kg7 Rxh7+ 57. Kxh7 Ka5 58. Kg7 b5 59. cxb5 Kxb5 60.
Rh3 1-0

[Event "16th ch-EUR Indiv w 2015"]
[Site "Chakvi GEO"]
[Date "2015.05.22"]
[Round "4.9"]
[White "Goryachkina, Aleksandra"]
[Black "Charochkina, Daria"]
[Result "1/2-1/2"]
[WhiteTitle "WGM"]
[BlackTitle "WGM"]
[WhiteElo "2474"]
[BlackElo "2391"]
[WhiteFideId "4147103"]
[BlackFideId "4180917"]
[EventDate "2015.05.19"]

1. d4 d5 2. c4 e5 3. dxe5 d4 4. Nf3 Nc6 5. a3 Nge7 6. b4 Ng6 7. Bb2 a5 8. b5
Ncxe5 9. Nxe5 Nxe5 10. Bxd4 Nxc4 11. e3 Be6 12. Bd3 Bc5 13. Bxc4 Bxd4 14. Qxd4
Qxd4 15. exd4 Bxc4 16. Nc3 Bb3 17. Rc1 O-O-O 18. Ne2 b6 19. Kd2 Ba4 20. Nc3
Rxd4+ 21. Ke3 Rhd8 22. Nxa4 Rxa4 23. Rc3 Re8+ 24. Kf3 Re7 25. Rd1 Rd7 26. Rdc1
Rh4 27. h3 a4 28. Rb1 Rhd4 29. Ke3 f5 30. g3 g5 31. Rb2 Re4+ 32. Kf3 h5 33. Rb1
Kd8 34. Kg2 g4 35. Rh1 Re5 36. hxg4 fxg4 37. Rc4 Rxb5 38. Rxa4 Rf7 39. Rd4+ Kc8
40. Rd2 Rf3 41. a4 Ra5 42. Ra2 Rff5 43. Rha1 c5 44. Kf1 Kc7 45. Rb1 c4 46. Rb4
Rac5 47. Rc2 c3 48. f4 gxf3 49. Rb3 f2 50. Rbxc3 Rxc3 51. Rxc3+ Kb7 52. Rc4 Rf3
53. Rh4 Rxg3 54. Rxh5 Ra3 55. Kxf2 Rxa4 56. Ke3 Rc4 57. Kd3 Rc6 58. Rb5 Ka6 59.
Rb1 b5 60. Ra1+ Kb6 61. Rb1 Rc5 62. Kd4 Rc4+ 63. Kd3 Kc5 64. Rh1 Kb4 65. Rb1+
Ka5 66. Ra1+ Ra4 67. Rb1 Rc4 68. Ra1+ Kb6 69. Rg1 Rc8 70. Rb1 Rc5 71. Kd4 Rc4+
72. Kd3 Kc5 73. Rh1 Kb4 74. Rb1+ Ka5 75. Ra1+ Ra4 76. Rb1 Ra3+ 77. Kc2 Ka4 78.
Rh1 Rb3 79. Rg1 Kb4 80. Rh1 1/2-1/2

[Event "16th ch-EUR Indiv w 2015"]
[Site "Chakvi GEO"]
[Date "2015.05.22"]
[Round "4.10"]
[White "Lomineishvili, Maia"]
[Black "Mkrtchian, Lilit"]
[Result "1/2-1/2"]
[WhiteTitle "IM"]
[BlackTitle "IM"]
[WhiteElo "2364"]
[BlackElo "2459"]
[WhiteFideId "13600656"]
[BlackFideId "13300601"]
[EventDate "2015.05.19"]

1. d4 Nf6 2. c4 e6 3. Nf3 b6 4. a3 Bb7 5. Nc3 d5 6. Bg5 Be7 7. e3 Nbd7 8. Qc2 c5
9. cxd5 Nxd5 10. Bxe7 Qxe7 11. Nxd5 Bxd5 12. e4 Bb7 13. Bb5 O-O 14. O-O Rfc8 15.
Bxd7 Qxd7 16. Rfd1 cxd4 17. Qe2 Qc6 18. Rxd4 Rd8 19. Rad1 Rxd4 20. Rxd4 Qc1+ 21.
Rd1 Qf4 22. Re1 Rc8 23. Qd3 h6 24. Qd7 Qc7 25. Qa4 Qc6 26. Qd4 Qc4 27. Qd7 Qc7
28. Qa4 Rd8 29. h3 Qc6 30. Qb4 a5 31. Qb3 Qc5 32. Re3 b5 33. Rc3 Qb6 34. Qc2 Qd6
35. Re3 Qd1+ 36. Qxd1 Rxd1+ 37. Kh2 f6 38. Kg3 Kf7 39. Rb3 Bc6 40. Kf4 Ke7 41.
Ke3 e5 42. Ke2 Rd7 43. Ke3 Rd1 44. Ke2 Rd7 45. Ke3 1/2-1/2

[Event "16th ch-EUR Indiv w 2015"]
[Site "Chakvi GEO"]
[Date "2015.05.22"]
[Round "4.11"]
[White "Osmanodja, Filiz"]
[Black "Zhukova, Natalia"]
[Result "0-1"]
[WhiteTitle "WIM"]
[BlackTitle "GM"]
[WhiteElo "2352"]
[BlackElo "2456"]
[WhiteFideId "24633569"]
[BlackFideId "14101513"]
[EventDate "2015.05.19"]

1. e4 e5 2. Nf3 Nc6 3. d4 exd4 4. Nxd4 Nf6 5. Nxc6 bxc6 6. e5 Qe7 7. Qe2 Nd5 8.
c4 Nb6 9. Nc3 Bb7 10. Bf4 Qe6 11. Qe4 Bb4 12. Rc1 O-O-O 13. Bd3 c5 14. Qe2 Bxg2
15. Rg1 Bb7 16. Kd1 f6 17. Rxg7 Rde8 18. Ne4 fxe5 19. Be3 Rhg8 20. Ng5 Qc6 21.
Rxg8 Rxg8 22. Bxh7 Rh8 23. Qd3 Qa4+ 24. Rc2 Qxa2 25. Nf7 Bf3+ 26. Re2 Rxh7 27.
Qxh7 Qb3+ 28. Qc2 Bxe2+ 29. Kc1 Qxc2+ 30. Kxc2 Nxc4 0-1

[Event "16th ch-EUR Indiv w 2015"]
[Site "Chakvi GEO"]
[Date "2015.05.22"]
[Round "4.12"]
[White "Melia, Salome"]
[Black "Zimina, Olga"]
[Result "1/2-1/2"]
[WhiteTitle "IM"]
[BlackTitle "IM"]
[WhiteElo "2452"]
[BlackElo "2339"]
[WhiteFideId "13602446"]
[BlackFideId "4132190"]
[EventDate "2015.05.19"]

1. e4 e5 2. Nf3 Nc6 3. Bb5 a6 4. Ba4 Nf6 5. O-O Be7 6. d3 b5 7. Bb3 O-O 8. Nc3
d6 9. a3 h6 10. h3 Rb8 11. Be3 Re8 12. Nd5 Bf8 13. Qd2 Be6 14. c4 bxc4 15. Nxf6+
Qxf6 16. Ba4 Bd7 17. Rac1 Rbd8 18. Rxc4 Nb8 19. Bxd7 Rxd7 20. b4 d5 21. exd5
Rxd5 22. Qc2 Red8 23. Rd1 a5 24. d4 axb4 25. axb4 Na6 26. Qa4 Nxb4 27. Nxe5 c5
28. Nf3 Nc6 29. Rd2 Nxd4 30. Nxd4 cxd4 31. Rcxd4 Rxd4 32. Rxd4 Rxd4 33. Qxd4
Qxd4 34. Bxd4 h5 35. Kf1 g6 36. Ke2 Bd6 37. Kd3 Kf8 38. Ke4 Ke7 39. Kd5 Kd7 40.
Bf6 Bb4 41. f3 Be1 42. g4 hxg4 43. fxg4 Ke8 44. Ke4 1/2-1/2

[Event "16th ch-EUR Indiv w 2015"]
[Site "Chakvi GEO"]
[Date "2015.05.22"]
[Round "4.13"]
[White "Fataliyeva, Ulviyya"]
[Black "Zawadzka, Jolanta"]
[Result "1-0"]
[WhiteTitle "WIM"]
[BlackTitle "WGM"]
[WhiteElo "2331"]
[BlackElo "2434"]
[WhiteFideId "13403052"]
[BlackFideId "1122320"]
[EventDate "2015.05.19"]

1. e4 c6 2. d4 d5 3. Nc3 dxe4 4. Nxe4 Nf6 5. Ng3 h5 6. h4 g6 7. Bc4 Bg7 8. Qd3
Nd5 9. Nf3 Nd7 10. Bd2 Qc7 11. O-O O-O 12. Bb3 b6 13. Rfe1 e6 14. Bg5 Bb7 15. c4
N5f6 16. Rac1 Rfe8 17. Qd2 Ng4 18. c5 e5 19. Ne4 Bf8 20. Nxe5 Ndxe5 21. dxe5 Bg7
22. Qd6 Bxe5 23. Qxg6+ Bg7 24. Nf6+ Kf8 25. Rxe8+ Rxe8 26. Qxg7+ 1-0

[Event "16th ch-EUR Indiv w 2015"]
[Site "Chakvi GEO"]
[Date "2015.05.22"]
[Round "4.14"]
[White "Savina, Anastasia"]
[Black "Gvetadze, Sofio"]
[Result "1-0"]
[WhiteTitle "IM"]
[BlackTitle "IM"]
[WhiteElo "2417"]
[BlackElo "2319"]
[WhiteFideId "4196872"]
[BlackFideId "13601440"]
[EventDate "2015.05.19"]

1. d4 Nf6 2. c4 c5 3. d5 d6 4. Nc3 e5 5. g3 Be7 6. Bg2 O-O 7. e4 Ne8 8. Nf3 f5
9. exf5 Bxf5 10. O-O Nd7 11. h4 h6 12. Nd2 Nef6 13. Qe2 a6 14. a4 Qe8 15. Ra3
Qg6 16. Nce4 Nxe4 17. Nxe4 Nf6 18. Nxf6+ Bxf6 19. Bf3 Qe8 20. Be4 Bxe4 21. Qxe4
b5 22. axb5 axb5 23. Rxa8 Qxa8 24. cxb5 Qb7 25. b4 Qxb5 26. bxc5 Qxc5 27. Be3
Qc8 28. Ra1 Qe8 29. Ra6 Be7 30. Ra7 Qf7 31. Qg4 Qf6 32. Kg2 Rf7 33. Qe6 Bf8 34.
Rxf7 Qxf7 35. Qxf7+ Kxf7 36. Kf3 Be7 37. Ke4 Bd8 38. h5 Ba5 39. Kf5 Be1 40. g4
Bb4 41. f3 Ba5 42. Bc1 Bb4 43. Bb2 Bc5 44. Ke4 Bb6 45. Kd3 Bd8 46. Ba3 Be7 47.
Bb4 Ke8 48. Ke4 Kf7 49. Kf5 Bf8 50. Ba5 Be7 51. Bc7 Bf8 52. Bd8 Be7 53. Bc7 Bf8
54. Ba5 Be7 55. Bb4 Bf8 56. Ke4 Be7 57. Bc3 Bg5 58. Bb2 Bd8 59. Kd3 Bg5 60. Kc4
Ke8 61. Bc3 Kd7 62. Bb4 Be7 63. Ba3 Bg5 64. Kd3 Be7 65. Bc1 Ke8 66. Bd2 Bd8 67.
f4 exf4 68. Bxf4 Be7 69. Kd4 Bf6+ 70. Ke4 Be7 71. Bd2 Kf7 72. Bc3 Bf6 73. Bb4
Be7 74. Kf5 Bf8 75. Bd2 Be7 76. Bf4 Bf8 77. Bh2 Be7 78. Bg3 Bf8 79. Ke4 Be7 80.
Kd3 Ke8 81. Bf2 Bf6 82. Be3 Be7 83. Bd4 Bf8 84. Kc4 Kd7 85. Kb5 Kc7 86. Ka6 Kc8
87. Kb6 Kd7 88. Kb7 Ke8 89. Kc6 Kf7 90. Kd7 g6 91. hxg6+ Kxg6 92. Ke8 Bg7 93.
Bxg7 Kxg7 94. Ke7 Kg6 95. Kxd6 Kg5 96. Ke5 Kxg4 97. d6 h5 98. d7 h4 99. d8=Q h3
100. Qd1+ Kg3 101. Qh1 1-0

[Event "16th ch-EUR Indiv w 2015"]
[Site "Chakvi GEO"]
[Date "2015.05.22"]
[Round "4.15"]
[White "Arabidze, Meri"]
[Black "Vojinovic, Jovana"]
[Result "1-0"]
[WhiteTitle "IM"]
[BlackTitle "WGM"]
[WhiteElo "2403"]
[BlackElo "2262"]
[WhiteFideId "13604040"]
[BlackFideId "937266"]
[EventDate "2015.05.19"]

1. Nf3 c5 2. c4 Nc6 3. Nc3 Nf6 4. e3 e6 5. d4 cxd4 6. exd4 d5 7. c5 Ne4 8. Qc2
Nxc3 9. Qxc3 b6 10. b4 a6 11. Bf4 Be7 12. Be2 f6 13. O-O bxc5 14. bxc5 g5 15.
Be3 O-O 16. Rab1 Qe8 17. Ne1 Bd8 18. f4 h6 19. Nd3 Ba5 20. Qc2 Ra7 21. a3 Rg7
22. Nb4 Nb8 23. Qd1 Bc7 24. Bh5 Qd8 25. Rb2 a5 26. Na2 Nc6 27. Nc3 Ne7 28. Bg4
Kh8 29. Nb5 Bb8 30. Rbf2 Ng6 31. f5 exf5 32. Bxf5 Bxf5 33. Rxf5 Qe8 34. Qd3 Bf4
35. Bxf4 Nxf4 36. R5xf4 gxf4 37. Rxf4 Rfg8 38. g3 Qe1+ 39. Kg2 Re7 40. Rxf6 Re2+
41. Kh3 Rf2 42. Rxh6+ Kg7 43. Rg6+ Kf8 44. Rxg8+ Kxg8 45. Qg6+ Kh8 46. Qh5+ Kg8
47. Qxd5+ Kh7 48. Qh5+ Kg8 49. Qg6+ Kh8 50. Nd6 Qf1+ 51. Kh4 Rf6 52. Qh5+ Kg8
53. Qe8+ Kg7 54. Qe5 Kh7 55. Qe4+ Kh6 56. Qe3+ Kh7 57. Qe7+ Kh6 58. Ne4 Rf7 59.
Qe6+ Kg7 60. Ng5 Rf6 61. Qe7+ Kg8 62. Qe8+ Kg7 63. Ne6+ Rxe6 64. Qxe6 Qf2 65.
Qe5+ Kg6 66. c6 Qxh2+ 67. Kg4 Qg1 68. Qe4+ Kg7 69. c7 Qd1+ 70. Kh4 Kh6 71. Qe6+
Kg7 72. Qg4+ 1-0

[Event "16th ch-EUR Indiv w 2015"]
[Site "Chakvi GEO"]
[Date "2015.05.22"]
[Round "4.16"]
[White "Zhorzholiani, Meri"]
[Black "Bodnaruk, Anastasia"]
[Result "0-1"]
[WhiteTitle "WFM"]
[BlackTitle "IM"]
[WhiteElo "2071"]
[BlackElo "2402"]
[WhiteFideId "13604031"]
[BlackFideId "4181751"]
[EventDate "2015.05.19"]

1. d4 d6 2. e4 Nf6 3. Nc3 g6 4. Nf3 Bg7 5. h3 c6 6. Be3 b5 7. e5 dxe5 8. dxe5
Qxd1+ 9. Rxd1 Nfd7 10. Bf4 O-O 11. Be2 Nc5 12. O-O b4 13. Nb1 Ne6 14. Bg3 Nd7
15. Rfe1 a5 16. Bf1 Nb6 17. Nbd2 Ba6 18. Bxa6 Rxa6 19. Ne4 c5 20. Nfg5 Nxg5 21.
Nxg5 Ra7 22. Ne4 Rc8 23. f4 Rac7 24. Bf2 e6 25. g3 Bf8 26. Kg2 Be7 27. c3 Na4
28. b3 Nxc3 29. Nxc3 bxc3 30. Rc1 c4 31. Bb6 Rb7 32. Bxa5 cxb3 33. axb3 Rxb3 34.
Re3 Rb2+ 35. Kf3 c2 36. Ke2 Ra2 37. Rc3 Rxc3 38. Bxc3 Ba3 39. Kd2 Bxc1+ 40. Kxc1
Kg7 41. Bb2 g5 42. fxg5 Kg6 43. h4 Kf5 44. Kxc2 Kg4 45. Kb3 Rxb2+ 0-1

[Event "16th ch-EUR Indiv w 2015"]
[Site "Chakvi GEO"]
[Date "2015.05.22"]
[Round "4.17"]
[White "Gevorgyan, Maria"]
[Black "Arakhamia-Grant, Ketevan"]
[Result "1-0"]
[WhiteTitle "WFM"]
[BlackTitle "GM"]
[WhiteElo "2190"]
[BlackElo "2393"]
[WhiteFideId "13300270"]
[BlackFideId "13600168"]
[EventDate "2015.05.19"]

1. e4 c5 2. Nc3 e6 3. Nf3 Nc6 4. Bb5 Nge7 5. O-O a6 6. Bxc6 Nxc6 7. d4 cxd4 8.
Nxd4 Be7 9. Re1 O-O 10. Nxc6 dxc6 11. e5 Qxd1 12. Rxd1 f6 13. Bf4 b5 14. Ne4 a5
15. Rd3 f5 16. Nd6 b4 17. c4 Ba6 18. b3 Rfb8 19. h3 Kf8 20. g4 Bc8 21. a4 bxa3
22. Rxa3 Bd7 23. Bd2 fxg4 24. hxg4 Bd8 25. Ne4 Be8 26. Nc5 Be7 27. Nxe6+ Kf7 28.
Ng5+ Kg6 29. f4 h5 30. f5+ Kh6 31. Ne6+ Kh7 32. Rxa5 hxg4 33. Rxa8 Rxa8 34. Bg5
Bb4 35. Kg2 Bh5 36. Be3 Ra2+ 37. Kg3 Be1+ 38. Kf4 Bh4 39. Rd7 g3 40. Nxg7 Be2
41. Nh5+ Kg8 42. Nxg3 Bxg3+ 43. Kxg3 Rb2 44. Rd2 Rxd2 45. Bxd2 c5 46. e6 Kg7 47.
Bg5 Bd1 48. f6+ Kg6 49. f7 1-0